[Event "Titled Tue 26th Aug Late"]
[Site "chess.com INT"]
[Date "2025.08.26"]
[Round "10"]
[White "Khanbutaev, Artemii"]
[Black "Romero Ruscalleda, Josep"]
[Result "0-1"]
[BlackTitle "FM"]
[WhiteElo "2145"]
[BlackElo "2110"]
[WhiteFideId "55747175"]
[BlackFideId "2231859"]
[EventDate "2025.08.26"]

1. d4 g6 2. c4 Bg7 3. Nc3 d6 4. e4 Nc6 5. Be3 e5 6. d5 Nce7 7. Be2 f5 8. f3 Nf6
9. g4 O-O 10. h3 c6 11. Qd2 cxd5 12. cxd5 Bd7 13. O-O-O Rc8 14. Kb1 Qa5 15. Bd3
b5 16. Ka1 b4 17. Nb1 Ba4 18. Re1 Rc7 19. Ne2 Rb8 20. Rc1 Bb3 21. a3 Rcb7 22.
Bc4 Qa4 23. g5 Nh5 24. Bxb3 Qxb3 25. Qc2 Qxe3 26. Rce1 Qxf3 27. Rhf1 Qxe4 28.
Qxe4 fxe4 29. Nc1 Nxd5 30. Rxe4 Nhf4 31. Rd1 Rb5 32. a4 Rc5 33. Nb3 Rc2 34. Rxf4
Nxf4 35. Rxd6 e4 36. Nd4 Rc1 37. Nc6 Re8 38. Rd8 Rxd8 39. Nxd8 e3 40. Nb7 e2 41.
Na5 e1=Q 42. Nb3 Rxb1+ 43. Ka2 Rxb2# 0-1

[Event "Titled Tue 26th Aug Late"]
[Site "chess.com INT"]
[Date "2025.08.26"]
[Round "10"]
[White "Dylag, Emilia"]
[Black "Estrada Nieto, Julian"]
[Result "0-1"]
[WhiteTitle "WFM"]
[BlackTitle "IM"]
[WhiteElo "2078"]
[BlackElo "2182"]
[WhiteFideId "21805172"]
[BlackFideId "5101018"]
[EventDate "2025.08.26"]

1. Nf3 d5 2. g3 Nf6 3. Bg2 Bf5 4. O-O e6 5. d3 h6 6. c4 c6 7. Nc3 Be7 8. Nd4 Bg6
9. cxd5 cxd5 10. e4 Nc6 11. Nxc6 bxc6 12. Qa4 Qd7 13. e5 Nh7 14. d4 O-O 15. Be3
Qb7 16. b3 Rfc8 17. Rac1 Nf8 18. Rfd1 Nd7 19. Bf1 a5 20. Ne2 Nb6 21. Nf4 Nxa4
22. bxa4 Bh7 23. Bd3 Rab8 24. h4 Bxd3 25. Rxd3 Qb2 26. a3 Qa2 27. Rcc3 Rb1+ 28.
Kg2 Qa1 29. Nh5 Rd1 30. Rxd1 Qxd1 31. Nf4 Qxa4 32. Nd3 Bxa3 33. g4 Be7 34. g5 h5
35. f4 g6 36. f5 exf5 37. Nf4 Bb4 38. Rc1 Ba3 39. Rc3 Bb2 40. Rd3 Qc4 41. Rd1 a4
42. e6 fxe6 43. Rd2 Bc1 44. Re2 a3 45. Nxg6 Qxe2+ 0-1

[Event "Titled Tue 26th Aug Late"]
[Site "chess.com INT"]
[Date "2025.08.26"]
[Round "10"]
[White "Shafer, Logan C"]
[Black "Chen, Yidong"]
[Result "1-0"]
[WhiteTitle "CM"]
[WhiteElo "2234"]
[BlackElo "2068"]
[WhiteFideId "30993342"]
[BlackFideId "8607028"]
[EventDate "2025.08.26"]

1. e4 c5 2. Nf3 Nc6 3. d4 cxd4 4. Nxd4 g6 5. c4 Bg7 6. Be3 Nf6 7. Nc3 d6 8. Be2
O-O 9. O-O Nxd4 10. Bxd4 Bd7 11. Rc1 Bc6 12. f3 a5 13. Nd5 Nxd5 14. cxd5 Bd7 15.
Bxg7 Kxg7 16. Qd4+ Kg8 17. Rc3 b5 18. Rfc1 Qb8 19. Rc7 Rc8 20. Rxc8+ Bxc8 21. h4
h5 22. f4 Bd7 23. e5 Qa7 24. Qxa7 Rxa7 25. Kf2 Kg7 26. Ke3 b4 27. Kd4 Rb7 28.
Bc4 a4 29. Ba6 Ra7 30. Bc8 Be8 31. Rc4 a3 32. b3 Ra8 33. Bb7 Rb8 34. Bc6 Kf8 35.
g3 Rb6 36. Bxe8 Kxe8 37. Rc7 Kd8 38. Ra7 Rb5 39. exd6 exd6 40. Kc4 Rc5+ 41. Kxb4
Rxd5 42. Kxa3 Ke8 43. Kb4 Rd3 44. a4 Rxg3 45. a5 Rg4 46. a6 Rxf4+ 47. Kb5 1-0

[Event "Titled Tue 26th Aug Late"]
[Site "chess.com INT"]
[Date "2025.08.26"]
[Round "10"]
[White "Zouaghi, Amir"]
[Black "Popov, Tikhon"]
[Result "0-1"]
[WhiteTitle "FM"]
[BlackTitle "FM"]
[WhiteElo "2301"]
[BlackElo "2335"]
[WhiteFideId "249262"]
[BlackFideId "24252026"]
[EventDate "2025.08.26"]

1. d4 Nf6 2. Nf3 g6 3. g3 Bg7 4. Bg2 O-O 5. O-O d6 6. b3 e5 7. e3 Nc6 8. Bb2 e4
9. Nfd2 d5 10. c4 Bg4 11. f3 exf3 12. Bxf3 Bxf3 13. Qxf3 Re8 14. Nc3 Nb4 15.
Rad1 Nc2 16. e4 Nxd4 17. Qf2 dxe4 18. Rfe1 c5 19. Ndxe4 Nxe4 20. Nxe4 b6 21.
Bxd4 cxd4 22. Kg2 f5 23. Nd2 Qd7 24. Qf3 Rad8 25. a4 Bh6 26. Nf1 Rxe1 27. Rxe1
d3 28. Rd1 d2 29. Qc3 f4 30. Qf3 fxg3 31. hxg3 Qd4 32. Qe2 Kg7 33. Qe7+ Kh8 34.
Qe2 Qd7 35. Qf3 Rf8 36. Qe4 Qf7 37. Qe2 Qb7+ 38. Kg1 Qf3 39. Qxf3 Rxf3 40. Kg2
Rxb3 41. Kf2 Ra3 42. Ke2 Rxa4 43. Nxd2 Ra2 44. Kd3 Rxd2+ 45. Rxd2 Bxd2 46. Kxd2
h5 47. Kc3 g5 48. Kb4 h4 49. gxh4 gxh4 50. Kb5 h3 51. Ka6 h2 52. Kxa7 h1=Q 53.
Kxb6 Qa8 54. c5 Qc8 0-1

[Event "Titled Tue 26th Aug Late"]
[Site "chess.com INT"]
[Date "2025.08.26"]
[Round "10"]
[White "Sakhayi, Mostafa"]
[Black "Yagiz, Yasin Emrah"]
[Result "0-1"]
[WhiteTitle "CM"]
[BlackTitle "FM"]
[WhiteElo "2166"]
[BlackElo "2107"]
[WhiteFideId "12512532"]
[BlackFideId "6303684"]
[EventDate "2025.08.26"]

1. d4 d5 2. c4 e6 3. Nc3 Nf6 4. cxd5 exd5 5. Bg5 Nbd7 6. e3 c6 7. Bd3 Be7 8.
Nge2 O-O 9. O-O Re8 10. Qc2 Nf8 11. f3 g6 12. Rad1 Ne6 13. Bh4 Ng7 14. Kh1 Bf5
15. e4 dxe4 16. fxe4 Bg4 17. e5 Nfh5 18. Bxe7 Rxe7 19. Ne4 Nf5 20. Qc1 Nxd4 21.
Nf6+ Nxf6 22. exf6 Rd7 23. Rde1 Ne6 24. Bc4 Qf8 25. Nc3 Re8 26. h3 Bh5 27. Rf2
Qc5 0-1

[Event "Titled Tue 26th Aug Late"]
[Site "chess.com INT"]
[Date "2025.08.26"]
[Round "10"]
[White "Nicot, Valentin"]
[Black "Nassr, Ahmed"]
[Result "1/2-1/2"]
[WhiteTitle "CM"]
[BlackTitle "IM"]
[WhiteElo "2140"]
[BlackElo "2153"]
[WhiteFideId "651002477"]
[BlackFideId "7904860"]
[EventDate "2025.08.26"]

1. d4 Nf6 2. Nf3 d5 3. g3 Bf5 4. Bg2 e6 5. O-O Be7 6. c4 c6 7. Qb3 Qb6 8. c5 Qc7
9. Bf4 Qc8 10. Nc3 Nbd7 11. Nh4 Bg6 12. Nxg6 hxg6 13. e4 dxe4 14. Nxe4 Nxe4 15.
Bxe4 Nf6 16. Bg2 O-O 17. Rfe1 Qd7 18. Rad1 Rfe8 19. Be5 Nd5 20. Bxd5 Qxd5 21.
Qxd5 exd5 22. b4 Bf6 23. Bxf6 gxf6 24. a4 Kf8 25. f3 f5 26. Kf2 Kg7 27. Rxe8
Rxe8 28. Re1 Rxe1 29. Kxe1 f4 30. g4 g5 31. Ke2 Kg6 32. Kf2 Kf6 33. Kg2 Kg6 34.
b5 a6 35. bxa6 bxa6 36. h3 a5 37. Kf2 Kf6 38. Kg2 Kg6 39. Kf2 Kf6 40. Kg2 Kg6 1/2-1/2

[Event "Titled Tue 26th Aug Late"]
[Site "chess.com INT"]
[Date "2025.08.26"]
[Round "10"]
[White "Sharankov, Grigory"]
[Black "Taylor, Tristan"]
[Result "1-0"]
[WhiteTitle "CM"]
[WhiteElo "2238"]
[BlackElo "1973"]
[WhiteFideId "4168356"]
[BlackFideId "2635054"]
[EventDate "2025.08.26"]

1. d4 Nf6 2. Nf3 d5 3. c4 e6 4. g3 dxc4 5. Bg2 c6 6. O-O b5 7. Qc2 Bb7 8. Rd1
Be7 9. b3 cxb3 10. axb3 O-O 11. Ne5 a6 12. Nc3 Nbd7 13. Bf4 Nxe5 14. dxe5 Nd7
15. Ne4 Qc7 16. Nd6 Nb6 17. Nxb7 Qxb7 18. Qxc6 Qxc6 19. Bxc6 Rac8 20. Bb7 Rc3
21. Rxa6 Nd5 22. Bxd5 exd5 23. Rd3 b4 24. Ra7 Bc5 25. Rb7 Rd8 26. Kg2 Rc2 27. e3
h6 28. e6 fxe6 29. Be5 Bf8 30. Rd4 Ra8 31. Bxg7 Raa2 32. Rg4 Rxf2+ 33. Kg1 1-0

[Event "Titled Tue 26th Aug Late"]
[Site "chess.com INT"]
[Date "2025.08.26"]
[Round "10"]
[White "Palczert, Matyas"]
[Black "Bardyk, Artem"]
[Result "1-0"]
[WhiteTitle "FM"]
[BlackTitle "FM"]
[WhiteElo "2427"]
[BlackElo "2332"]
[WhiteFideId "784958"]
[BlackFideId "34349979"]
[EventDate "2025.08.26"]

1. e4 c6 2. d4 d5 3. Nc3 dxe4 4. Nxe4 Nf6 5. Nxf6+ exf6 6. c3 Bd6 7. Bd3 Na6 8.
Ne2 Nc7 9. O-O Kf8 10. Ng3 Nd5 11. Re1 h5 12. c4 Nf4 13. Bf5 h4 14. Bxc8 hxg3
15. fxg3 Nxg2 16. Kxg2 Qxc8 17. h4 Qf5 18. Qf3 Qg6 19. Kh3 Rd8 20. Re4 f5 21.
Re1 f4 22. Bxf4 Qf5+ 23. Kg2 Bxf4 24. Re4 g5 25. Rh1 gxh4 26. g4 h3+ 27. Kf1 Qg5
28. Rxf4 Rd7 29. Kf2 Kg7 30. Qe3 1-0

[Event "Titled Tue 26th Aug Late"]
[Site "chess.com INT"]
[Date "2025.08.26"]
[Round "10"]
[White "Cevizci, Yusuf Baran"]
[Black "Kona, Vidip"]
[Result "1-0"]
[WhiteTitle "CM"]
[WhiteElo "2094"]
[BlackElo "2145"]
[WhiteFideId "34565400"]
[BlackFideId "30990440"]
[EventDate "2025.08.26"]

1. e4 c6 2. c4 d5 3. exd5 cxd5 4. cxd5 Qxd5 5. Nc3 Qd8 6. d4 Nf6 7. Bc4 e6 8.
Nf3 Nc6 9. O-O Be7 10. Bg5 O-O 11. Bd3 h6 12. Bh4 b6 13. Rc1 Bb7 14. Bb1 Rc8 15.
a3 Na5 16. Qd3 g5 17. Nxg5 hxg5 18. Bxg5 Rxc3 19. Rxc3 Qd5 20. Qh3 Qxg2+ 21.
Qxg2 Bxg2 22. Kxg2 Rd8 23. Rf3 Nd5 24. Bh6 f5 25. Re1 Kf7 26. Ba2 Bf6 27. Be3
Nc6 28. Bxd5 Rxd5 29. Rc1 Nxd4 30. Bxd4 Bxd4 31. Rc7+ Kf6 32. Rxa7 Bxb2 33. Rb7
Bd4 34. h4 e5 35. h5 e4 36. Rh3 Kg5 37. h6 f4 38. h7 f3+ 39. Kh1 Rd8 40. Re7
Bxf2 41. h8=Q Rd1+ 42. Kh2 Bg1+ 43. Kg3 Be3 44. Qe5+ Kg6 45. Rg7# 1-0

[Event "Titled Tue 26th Aug Late"]
[Site "chess.com INT"]
[Date "2025.08.26"]
[Round "10"]
[White "Subervi, Jonathan Sigfredo"]
[Black "Tureshbayev, Anuar"]
[Result "0-1"]
[WhiteTitle "FM"]
[BlackTitle "CM"]
[WhiteElo "2007"]
[BlackElo "2214"]
[WhiteFideId "6400345"]
[BlackFideId "651081709"]
[EventDate "2025.08.26"]

1. e4 c5 2. d4 cxd4 3. Qxd4 Nc6 4. Qd3 Nf6 5. Nc3 g6 6. Nf3 Bg7 7. Be2 O-O 8.
Nd5 d6 9. c3 Nd7 10. O-O Nde5 11. Nxe5 Nxe5 12. Qd1 b6 13. f4 Nd7 14. a4 Bb7 15.
Bf3 Rc8 16. a5 bxa5 17. Qa4 e6 18. Ne3 Nc5 19. Qxa5 Bxe4 20. Bxe4 Nxe4 21. Qxa7
d5 22. Ng4 d4 23. Ne5 dxc3 24. bxc3 Nxc3 25. Ba3 Re8 26. Qxf7+ Kh8 27. Rf3 Qd4+
28. Kh1 Bxe5 29. fxe5 Ne4 30. Raf1 Qxe5 31. Rh3 Qg7 32. Bb2 e5 33. Qb3 Nd2 34.
Qd1 Nxf1 35. Qxf1 Rc2 36. Ba1 Rec8 37. Re3 Rc1 38. Re1 Rxe1 39. Qxe1 Re8 40. Qe4
Kg8 41. h4 Qf7 42. Qe2 h5 43. Bc3 Kh7 44. Qb5 e4 45. Qc4 Qxc4 0-1

[Event "Titled Tue 26th Aug Late"]
[Site "chess.com INT"]
[Date "2025.08.26"]
[Round "10"]
[White "Zakarian, David"]
[Black "Kaufman, David"]
[Result "0-1"]
[WhiteTitle "FM"]
[BlackTitle "IM"]
[WhiteElo "2301"]
[BlackElo "2447"]
[WhiteFideId "13301276"]
[BlackFideId "34220194"]
[EventDate "2025.08.26"]

1. Nf3 Nf6 2. d4 d5 3. Bf4 c5 4. e3 Nc6 5. Nbd2 Qb6 6. dxc5 Qxb2 7. Rb1 Qa3 8.
Bb5 g6 9. Ne5 Qxc5 10. c4 Bg7 11. Nb3 Qb4+ 12. Qd2 Qxd2+ 13. Nxd2 Bd7 14. Bxc6
Bxc6 15. Nxc6 bxc6 16. Rb7 dxc4 17. Nxc4 Nd5 18. Bb8 Kd8 19. Be5 Kc8 20. Rb3 f6
21. Bg3 e5 22. Na5 Nb6 23. O-O Rd8 24. Rc1 Rd6 25. f4 Kd7 26. fxe5 fxe5 27. Nb7
Rd2 28. Nc5+ Ke7 29. a4 Bh6 30. Bxe5 Rad8 31. Ne4 Rd1+ 32. Rxd1 Rxd1+ 33. Kf2
Nxa4 34. Rb7+ Ke6 35. Bf4 Bxf4 36. exf4 Rd7 37. Ng5+ Ke7 38. Rb4 Nc5 39. Nxh7
Nd3+ 0-1

[Event "Titled Tue 26th Aug Late"]
[Site "chess.com INT"]
[Date "2025.08.26"]
[Round "10"]
[White "Kleibel, Uwe"]
[Black "Li, Yilin"]
[Result "1-0"]
[WhiteTitle "FM"]
[BlackTitle "WFM"]
[WhiteElo "2301"]
[BlackElo "1921"]
[WhiteFideId "1270982"]
[BlackFideId "8610410"]
[EventDate "2025.08.26"]

1. e4 c5 2. Nf3 a6 3. g3 Nc6 4. Bg2 e5 5. O-O g6 6. Qe2 Bg7 7. Rd1 Nge7 8. Nc3
O-O 9. Nd5 Nxd5 10. exd5 Nd4 11. Nxd4 cxd4 12. c4 d6 13. d3 Bd7 14. b4 b5 15. c5
Qc7 16. c6 Be8 17. a4 Ra7 18. axb5 axb5 19. Bb2 Bf6 20. Rxa7 Qxa7 21. Ra1 Qc7
22. Ra5 Qb8 23. Qc2 Bd8 24. Ra1 f5 25. f4 Bc7 26. Qb3 Bf7 27. Qa3 Qb6 28. Qa6
Qb8 29. Qa7 Qc8 30. Qa6 Qb8 31. Re1 Re8 32. Kf2 Bb6 33. fxe5 dxe5 34. d6 e4 35.
c7 Bxc7 36. dxc7 Qxc7 37. dxe4 fxe4 38. Qxb5 d3 39. Qc5 Qd7 40. Qc3 Qf5+ 41. Kg1
Rf8 42. Qg7# 1-0

[Event "Titled Tue 26th Aug Late"]
[Site "chess.com INT"]
[Date "2025.08.26"]
[Round "10"]
[White "Kovacs, Reka"]
[Black "Pontes, Luiz Felizola Lima"]
[Result "1-0"]
[WhiteTitle "WCM"]
[WhiteElo "1915"]
[BlackElo "1871"]
[WhiteFideId "790702"]
[BlackFideId "44709919"]
[EventDate "2025.08.26"]

1. e4 c5 2. Nf3 e6 3. d4 cxd4 4. Nxd4 Nc6 5. Nc3 Qc7 6. Be2 a6 7. Be3 Nf6 8. O-O
Bb4 9. Na4 Be7 10. c4 Nxe4 11. Nxc6 bxc6 12. Qd4 Nf6 13. Nb6 Rb8 14. c5 O-O 15.
Bf4 d6 16. cxd6 Qxb6 17. dxe7 Qxd4 18. exf8=Q+ Kxf8 19. Bxb8 Qxb2 20. Bd6+ Kg8
21. Bf3 c5 22. Bxc5 Nd5 23. Bxd5 exd5 24. Rab1 Qe5 25. Rfe1 f6 26. Rxe5 fxe5 27.
Rb8 Kf7 28. Rxc8 Kf6 29. Rd8 d4 30. Bxd4 exd4 31. Rxd4 Ke5 32. Ra4 Kd6 33. Rxa6+
Kc5 34. Ra7 Kb4 35. Rxg7 Kc3 36. Rxh7 1-0

[Event "Titled Tue 26th Aug Late"]
[Site "chess.com INT"]
[Date "2025.08.26"]
[Round "10"]
[White "Gavilan Diaz, Mario"]
[Black "Drygalov, Andrey"]
[Result "0-1"]
[WhiteTitle "FM"]
[BlackTitle "GM"]
[WhiteElo "2195"]
[BlackElo "2431"]
[WhiteFideId "2260905"]
[BlackFideId "24171735"]
[EventDate "2025.08.26"]

1. d4 Nf6 2. c4 e6 3. Nc3 Bb4 4. Qc2 d5 5. a3 Bxc3+ 6. Qxc3 O-O 7. Bg5 dxc4 8.
Qxc4 h6 9. Bh4 b6 10. Rc1 Ba6 11. Qa4 Qd7 12. Qxd7 Nbxd7 13. Nf3 c5 14. e3 Bxf1
15. Kxf1 Rac8 16. Ke2 c4 17. Rc2 b5 18. Rhc1 Nd5 19. e4 Nf4+ 20. Kf1 Nd3 21. Rb1
f5 22. exf5 exf5 23. Be7 Rfe8 24. Bd6 Rc6 25. Bb4 Nf6 26. Bd2 Nd5 27. b3 c3 28.
Be1 a5 29. Rd1 Nb2 30. Rdc1 b4 31. axb4 axb4 32. Ne5 Ra6 33. Nc4 Nxc4 34. bxc4
Nf4 35. Rd1 b3 36. Rxc3 b2 37. Rb3 Ra1 38. Rxb2 Rxd1 39. f3 Rexe1+ 40. Kf2 Nd3+
41. Kg3 f4+ 42. Kg4 Nxb2 0-1

[Event "Titled Tue 26th Aug Late"]
[Site "chess.com INT"]
[Date "2025.08.26"]
[Round "10"]
[White "Schuster, Karsten"]
[Black "Fernandes, Rogerio Paulo Muller"]
[Result "1-0"]
[WhiteTitle "FM"]
[WhiteElo "2266"]
[BlackElo "2241"]
[WhiteFideId "4611071"]
[BlackFideId "2101599"]
[EventDate "2025.08.26"]

1. e4 e6 2. d4 d5 3. exd5 exd5 4. Bd3 Nc6 5. c3 Bd6 6. Nf3 Nge7 7. O-O Bg4 8. h3
Bh5 9. Bg5 f6 10. Bh4 Qd7 11. Nbd2 Bg6 12. Be2 Nf5 13. Re1 O-O-O 14. Qa4 Kb8 15.
Bb5 a6 16. Bxc6 Qxc6 17. Qxc6 bxc6 18. g4 Nxh4 19. Nxh4 Rde8 20. Nxg6 hxg6 21.
Kg2 g5 22. Nb3 Kc8 23. Na5 Kd7 24. Nb7 g6 25. b4 f5 26. a4 fxg4 27. hxg4 Rh2+
28. Kg1 Rh4 29. f3 Rf8 30. Nxd6 cxd6 31. Kg2 Rh7 32. Re3 Re7 33. Rxe7+ Kxe7 34.
Rh1 Kf6 35. Rh7 a5 36. bxa5 Ra8 37. Rc7 Rxa5 38. Rxc6 Ke6 39. c4 dxc4 40. Rxc4
Kd5 41. Rb4 Ra7 42. Kf2 Rc7 43. Rb5+ Kxd4 44. Rxg5 d5 45. Rxg6 Rc2+ 46. Kg3 Ra2
47. Rf6 Ke3 48. Re6+ Kd3 49. g5 Rxa4 50. g6 Ra1 51. f4 Rg1+ 52. Kh4 d4 53. f5
Kc4 54. Kh5 1-0

[Event "Titled Tue 26th Aug Late"]
[Site "chess.com INT"]
[Date "2025.08.26"]
[Round "10"]
[White "Gabrielian, Artur"]
[Black "Grot, Blazej"]
[Result "1-0"]
[WhiteTitle "GM"]
[BlackTitle "CM"]
[WhiteElo "2407"]
[BlackElo "2207"]
[WhiteFideId "4131002"]
[BlackFideId "21835845"]
[EventDate "2025.08.26"]

1. Nf3 Nf6 2. g3 e6 3. Bg2 d5 4. O-O Nc6 5. d4 Bd6 6. c4 O-O 7. Nc3 dxc4 8. Qa4
Nb4 9. Bg5 a6 10. Ne5 h6 11. Bxf6 Qxf6 12. Ne4 Qe7 13. Nxd6 Qxd6 14. Nxc4 Qe7
15. Ne5 Rd8 16. Rfd1 Rb8 17. Rac1 Nd5 18. Qc2 c6 19. a3 Bd7 20. e4 Nf6 21. b4
Be8 22. h3 Ra8 23. Qc5 Qc7 24. Nc4 Nd7 25. Qe7 Qb8 26. Nd6 Nf8 27. Nc4 Rd7 28.
Qc5 Rd8 29. a4 Nd7 30. Qe7 Qc7 31. a5 Rac8 32. Nd6 Rb8 33. d5 exd5 34. exd5 c5
35. bxc5 Qxa5 36. Nxe8 Qa4 37. Nd6 Nxc5 38. Qxf7+ Kh8 39. Nf5 Rd7 40. Qg6 Nb3
41. Rb1 Rf8 42. d6 1-0

[Event "Titled Tue 26th Aug Late"]
[Site "chess.com INT"]
[Date "2025.08.26"]
[Round "10"]
[White "Janaszak, Dawid"]
[Black "Leitgeb, Julian"]
[Result "1/2-1/2"]
[WhiteTitle "FM"]
[BlackTitle "FM"]
[WhiteElo "2306"]
[BlackElo "2311"]
[WhiteFideId "1119206"]
[BlackFideId "1663771"]
[EventDate "2025.08.26"]

1. e4 e5 2. Nc3 Nc6 3. Bc4 Be7 4. d3 d6 5. f4 exf4 6. Bxf4 Nf6 7. Nf3 Be6 8. Nd5
Na5 9. Qe2 Nxc4 10. dxc4 Nd7 11. O-O-O Bxd5 12. cxd5 O-O 13. h4 Bf6 14. g4 Qe7
15. g5 Be5 16. Nxe5 Nxe5 17. h5 Rae8 18. Rde1 Qd7 19. Kb1 c5 20. h6 g6 21. Bd2
b5 22. Qf2 Qe7 23. Rhf1 b4 24. Qf6 Qxf6 25. Rxf6 Rd8 26. Kc1 Rfe8 27. Rf2 Re7
28. Bf4 Rde8 29. b3 Rf8 30. Bxe5 Rxe5 31. Rf6 Rd8 32. Ref1 Rd7 33. Rg1 Rxe4 34.
Rf3 Re5 35. Rd3 Rde7 36. Kb2 Rf5 37. a3 bxa3+ 38. Kxa3 f6 39. gxf6 Rxf6 40. Ka4
Rf4+ 41. Kb5 Rb4+ 42. Ka5 Reb7 43. Re3 R4b5+ 44. Ka6 R5b6+ 45. Ka5 Rb5+ 46. Ka6
R5b6+ 47. Ka5 Rb5+ 1/2-1/2

[Event "Titled Tue 26th Aug Late"]
[Site "chess.com INT"]
[Date "2025.08.26"]
[Round "10"]
[White "Hejazipour, Mitra"]
[Black "Ruperez Benito, Antonio"]
[Result "0-1"]
[WhiteTitle "WGM"]
[BlackTitle "FM"]
[WhiteElo "2329"]
[BlackElo "2328"]
[WhiteFideId "12505951"]
[BlackFideId "22245049"]
[EventDate "2025.08.26"]

1. d4 e6 2. e4 d5 3. Nc3 Bb4 4. e5 c5 5. a3 Bxc3+ 6. bxc3 Qa5 7. Bd2 Qa4 8. Qg4
Kf8 9. Nf3 Nc6 10. Be2 Nge7 11. O-O Qxc2 12. dxc5 Qf5 13. Qg3 h6 14. Be3 g5 15.
h4 g4 16. Nd4 Qxe5 17. Qxg4 Qg7 18. Qh5 e5 19. Nxc6 bxc6 20. Rab1 Nf5 21. Bd2
Rg8 22. g4 Qf6 23. Kh2 Qxh4+ 24. Qxh4 Nxh4 25. Bxh6+ Ke7 26. f3 Ng6 27. Kg3 f5
28. Bg5+ Kf7 29. Rh1 f4+ 30. Kf2 a5 31. Rh7+ Rg7 32. Rxg7+ Kxg7 33. Rh1 Rb8 34.
Bh6+ Kg8 35. Bg5 Rb2 36. Rh6 Kg7 37. Ke1 e4 38. fxe4 dxe4 39. Rh1 Rb1+ 40. Bd1
Bxg4 41. Kd2 e3+ 42. Kc2 Bf5# 0-1

[Event "Titled Tue 26th Aug Late"]
[Site "chess.com INT"]
[Date "2025.08.26"]
[Round "10"]
[White "Goncharov, Vladimir"]
[Black "Tsvetkov, Andrey"]
[Result "0-1"]
[BlackTitle "IM"]
[WhiteElo "2077"]
[BlackElo "2403"]
[WhiteFideId "34162256"]
[BlackFideId "34139360"]
[EventDate "2025.08.26"]

1. d4 Nf6 2. c4 e6 3. Nf3 d5 4. g3 dxc4 5. Qa4+ Nbd7 6. Qxc4 a6 7. Bg2 b5 8. Qc2
Bb7 9. Bd2 c5 10. dxc5 Bxc5 11. O-O Rc8 12. Qd1 O-O 13. Nc3 Qe7 14. a3 Rfd8 15.
Qe1 Nb6 16. Rd1 Nc4 17. Bc1 b4 18. axb4 Bxb4 19. Rxd8+ Rxd8 20. e3 a5 21. Nd4
Bxg2 22. Kxg2 Qb7+ 23. f3 Nd5 24. Rf2 a4 25. e4 Ne7 26. Nc2 Ba5 27. Qe2 Ne5 28.
Nxa4 Qc6 29. Nc3 Bxc3 30. bxc3 Qxc3 31. Be3 h5 32. h4 Nc4 33. Bc1 Nc6 34. Ne3
N4e5 35. Bb2 Qb3 36. Bxe5 Nxe5 37. Qb2 Qxb2 38. Rxb2 Rd3 39. Re2 f6 40. f4 Nc6
41. Kf2 Nd4 42. Ra2 Rb3 43. Rd2 Nb5 44. Rc2 Nc3 45. Kf3 Kf7 46. Rd2 e5 47. fxe5
fxe5 48. Rd3 Ke6 49. Nd5 Nxe4 0-1

[Event "Titled Tue 26th Aug Late"]
[Site "chess.com INT"]
[Date "2025.08.26"]
[Round "10"]
[White "Gasparyan, David"]
[Black "Ebrahimi Herab, Hamidreza"]
[Result "0-1"]
[BlackTitle "FM"]
[WhiteElo "2194"]
[BlackElo "2385"]
[WhiteFideId "13311980"]
[BlackFideId "22512888"]
[EventDate "2025.08.26"]

1. d4 Nf6 2. Nf3 g6 3. Nc3 d5 4. Bg5 Bg7 5. e3 O-O 6. Be2 b6 7. Ne5 Bb7 8. O-O
Nbd7 9. f4 c5 10. Bf3 Ne4 11. Bh4 Ndf6 12. Ne2 Rc8 13. c3 Qc7 14. g4 Rfd8 15.
Kh1 b5 16. Qe1 cxd4 17. exd4 Nd6 18. f5 Nfe4 19. fxg6 hxg6 20. Bg2 g5 21. Bg3 f6
22. Nd3 Qc4 23. Qd1 a5 24. a3 Qc6 25. Rc1 Nc4 26. Rf3 Qd7 27. Nc5 Nxc5 28. dxc5
Qxg4 29. Nd4 e5 30. Nf5 d4 31. Ne7+ Kh8 32. c6 Rxc6 33. Nxc6 Bxc6 34. Qf1 Nd2
35. Qf2 Nxf3 36. cxd4 Bd5 37. dxe5 Nxe5 38. Bxd5 Rxd5 39. Qg2 Rd1+ 40. Rxd1
Qxd1+ 41. Qg1 Qxg1+ 42. Kxg1 Nd3 43. b3 a4 44. bxa4 bxa4 45. Bd6 f5 46. Kf1 Be5
47. Be7 g4 48. Ke2 Nf4+ 49. Kf2 Nd5 50. Bc5 Bxh2 51. Kg2 Be5 52. Kf2 f4 53. Kg2
f3+ 54. Kf2 Kh7 55. Kf1 Kg6 56. Kf2 Kf5 57. Bf8 Ke4 58. Bh6 g3+ 59. Kf1 g2+ 60.
Ke1 g1=Q+ 61. Kd2 Qd4+ 62. Ke1 Qb2 63. Bd2 Bg3+ 64. Kd1 Qb1+ 65. Bc1 Qd3+ 66.
Bd2 Nc3+ 67. Kc1 Qb1# 0-1

[Event "Titled Tue 26th Aug Late"]
[Site "chess.com INT"]
[Date "2025.08.26"]
[Round "10"]
[White "Gerbelli Neto, Eduardo"]
[Black "Mastrovasilis, Athanasios"]
[Result "0-1"]
[BlackTitle "GM"]
[WhiteElo "2114"]
[BlackElo "2424"]
[WhiteFideId "2103281"]
[BlackFideId "4201990"]
[EventDate "2025.08.26"]

1. e4 c6 2. d4 d5 3. exd5 cxd5 4. c4 e6 5. Nc3 Nf6 6. Nf3 Bb4 7. cxd5 Nxd5 8.
Qc2 Nf6 9. Bd3 Nc6 10. O-O Be7 11. Rd1 Nb4 12. Bb5+ Bd7 13. Qa4 Bxb5 14. Qxb5+
Qd7 15. Qe2 O-O 16. Ne5 Qd8 17. Bg5 Nfd5 18. Bxe7 Nxe7 19. Ne4 Rc8 20. Rd2 Nf5
21. Nf3 Nd5 22. g3 Rc7 23. Rdd1 Qc8 24. Qd3 h6 25. a3 b6 26. Ned2 Qb7 27. Nb3
Rfc8 28. Rac1 Nde3 29. Rxc7 Rxc7 30. fxe3 Qxf3 31. e4 Qxd3 32. Rxd3 Nd6 33. e5
Nf5 34. d5 exd5 35. Rxd5 Rc2 36. Rd8+ Kh7 37. Rd7 Rxb2 38. Nd2 Ne3 39. Ne4 Rg2+
40. Kh1 Ra2 41. h4 Ra1+ 42. Kh2 Ng4+ 43. Kh3 Nxe5 44. Rxa7 Ra2 45. h5 Re2 46.
Nd6 Rf2 47. Re7 Rf6 48. Ne8 Re6 49. Rxe6 fxe6 50. Nc7 Nc4 0-1

[Event "Titled Tue 26th Aug Late"]
[Site "chess.com INT"]
[Date "2025.08.26"]
[Round "10"]
[White "Carlsen, Magnus"]
[Black "Sarana, Alexey"]
[Result "0-1"]
[WhiteTitle "GM"]
[BlackTitle "GM"]
[WhiteElo "2839"]
[BlackElo "2691"]
[WhiteFideId "1503014"]
[BlackFideId "24133795"]
[EventDate "2025.08.26"]

1. c4 e6 2. g3 d5 3. Bg2 Nf6 4. Nf3 Be7 5. O-O O-O 6. d4 dxc4 7. Qc2 a6 8. Rd1
b5 9. Ne5 c6 10. b3 cxb3 11. axb3 Bb7 12. Nc3 Nbd7 13. Ne4 Nxe4 14. Bxe4 Nf6 15.
Bf3 Rc8 16. Ba3 Bxa3 17. Rxa3 Qe7 18. Qc5 Rfe8 19. Nd3 Nd7 20. Qxe7 Rxe7 21. b4
Kf8 22. h4 g6 23. Rc3 h5 24. Rdc1 Nb6 25. Nc5 Nc4 26. e3 Rec7 27. Be2 Nb6 28.
Kg2 Ke7 29. Ra3 Kd6 30. e4 Ke7 31. Nxb7 Rxb7 32. Rxa6 Rcc7 33. Kf3 Kd7 34. Ke3
Nc8 35. Kf4 Nd6 36. Bd3 Rc8 37. Rca1 Nc4 38. Ra7 Rcc7 39. Kg5 Rxa7 0-1